Dragon Ball Super- Participants de l'Univers 7 au Tournoi du Pouvoir - Statistiques

Statistiques générales
  • Ce quiz a été pris 305 fois
  • Le résultat moyen est 9 sur 10
Statistiques - réponses
Equipe de l'Univers 7 au Tournoi du Pouvoir % Correct
Son Goku
100%
Vegeta
100%
C-17
98%
Son Gohan
98%
C-18
97%
Freezer
96%
Krillin
95%
Piccolo
94%
Tortue Géniale
88%
Tenshinhan
71%
Aucun quiz correspondant
Distribution des résultats
% des personnes avec chaque résultat
Percentile par nombre de réponses
Votre historique - résultats
Vous n’avez pas pris ce quiz